| 000 | 01363nam a2200217Ia 4500 | ||
|---|---|---|---|
| 003 | Ost | ||
| 005 | 20260507075458.0 | ||
| 008 | 260507s9999||||xx |||||||||||||| ||und|| | ||
| 020 | _a9789961011010 | ||
| 040 | _cfsecg | ||
| 041 | _aara | ||
| 082 | _a519.5 | ||
| 100 |
_aأمحمد، معتوق _eمؤلف |
||
| 245 | 0 |
_aالإحصاء الرياضي والنماذج الإحصائية : _bسلسلة دروس مع تمارين مختارة / _c معتوق أمحمد |
|
| 260 |
_aالجزائر: _bديوان المطبوعات الجامعية, _c2007 |
||
| 300 |
_a196 صفحة؛ _bإيضاحات ؛ _c22 سم |
||
| 504 | _aالمراجع ص.179 الملاحق ص.181 | ||
| 520 | _aتناول هذا الكتاب الاحصاء الرياضي والنماذج الاحصائية حيث قدم سلسلة من الدروس مع تمارين مختارة ( نظرية الإحتمالات،اختبار الفرضيات،نظرية العينات،التقدير،نظرية الارتباط،السلاسل الزمنية وتحليلها ) موجهة لشعب علوم الطبيعة والحياة ، علوم الأرض والكون، وشعب العلوم الانسانية، العلوم التجارية وعلوم التسيير، علم الاجتماع، علم النفس . | ||
| 653 | _aالإحصاء الرياضي | ||
| 942 | _cكتاب | ||
| 999 |
_c44683 _d44683 |
||